000 00787nam a2200229Ia 4500
003 GCL
008 140319s9999 xx 000 0 ara d
020 _a5080367977
040 _aGCL /
_cGCL
082 0 4 _a213
_bم ز
245 1 0 _aزاد الخطيب الى تحرير الاقصى الحبيب
250 _aالاولى
260 _aالقاهرة :
_bمركز الاعلام العربى ،
_c2004
300 _a604 ص ؛
_c29 سم
490 _aدراسات فلسطينية
_v4
650 0 4 _aالدعوة والدعاة
650 0 4 _aالدعوة الاسلامية
650 0 4 _aالخطب الدينية
650 0 4 _aالقدس - فى الخطب الدينية
650 0 4 _aالانتفاضة الفلسطينية - فى الخطب الدينية
942 _2ddc
_cBK
999 _c8947
_d8947